000
00324nam a2200133Ia 4500
008
231017s9999 xx 000 0 und d
082
_a
380.5
082
_b
NTO
245
0
_a
Improving the regulatory framework for transport productivity in Australia
245
0
_c
NTC
260
_b
NTC
300
_c
30cm
942
_c
REP
999
_c
605090
_d
605090